[Event "Sao Paulo-C U1700 op 5th"]
[White "Da Carvalho, Kaique Vinicius"]
[Black "Santos, Milena Kasenoh Dos"]
[Site "Sao Paulo"]
[Round "4.40"]
[Result "0-1"]
[Date "2016.10.15"]
[WhiteElo "1764"]
[BlackElo "1263"]
[PlyCount "88"]
[EventDate "2016.10.13"]
[EventType "swiss"]
[EventRounds "6"]
[EventCountry "BRA"]
[SourceTitle "EXT 2022"]
[Source "ChessBase"]
[SourceDate "2021.10.06"]
[SourceVersion "1"]
[SourceVersionDate "2021.10.06"]
[SourceQuality "1"]

1. e4 e6 2. f4 d5 3. d3 c5 4. Nf3 Nc6 5. g3 dxe4 6. Nh4 exd3 7. cxd3 Be7 8. Nf3 Bf6 9. Nc3 Nge7 10. Bg2 b6 11. 0-0 Ba6 12. Ne4 Bd4+ 13. Nxd4 Qxd4+ 14. Nf2 Rd8 15. Re1 Bxd3 16. Be3 Qd6 17. Nxd3 Qxd3 18. Qg4 Qg6 19. Qh4 0-0 20. g4 f5 21. Bf3 fxg4 22. Bxg4 Nf5 23. Qg5 Qxg5 24. fxg5 Nxe3 25. Bxe6+ Kh8 26. Rxe3 Nd4 27. Re4 Nf3+ 28. Kh1 Nxg5 29. Re3 Nxe6 30. Rxe6 Kg8 31. Re7 Rf7 32. Re2 Rfd7 33. b3 Rd2 34. Re7 R2d7 35. Re5 Rd1+ 36. Rxd1 Rxd1+ 37. Kg2 Rd2+ 38. Kf3 Rxa2 39. Re2 Rxe2 40. Kxe2 Kf7 41. Kd3 Ke6 42. Kc4 Kd6 43. Kb5 Kc7 44. Ka6 Kc6 0-1

[Event "Caioba Telecom op"]
[White "Pedroso, Kauani Camili Dias"]
[Black "Santos, Milena Kasenoh Dos"]
[Site "Caioba"]
[Round "5"]
[Result "1/2-1/2"]
[Date "2016.08.28"]
[WhiteElo "1747"]
[BlackElo "1273"]
[PlyCount "125"]
[EventDate "2016.08.26"]
[EventType "swiss"]
[EventRounds "6"]
[EventCountry "BRA"]
[SourceTitle "CBM 174 Extra"]
[Source "ChessBase"]
[SourceDate "2016.10.10"]
[SourceVersion "1"]
[SourceVersionDate "2016.10.10"]
[SourceQuality "1"]

1. e4 e5 2. Nf3 Nc6 3. d3 Nf6 4. Bg5 Be7 5. Nbd2 h6 6. Be3 d6 7. d4 exd4 8. Nxd4 Nxd4 9. Bxd4 a6 10. Be2 b6 11. Bf3 Bb7 12. 0-0 0-0 13. Re1 Nd7 14. Bc3 Ne5 15. Be2 Bg5 16. Bg4 Re8 17. g3 Bf6 18. Bxe5 Bxe5 19. Nc4 Qf6 20. Nxe5 Rxe5 21. Bf3 Rae8 22. Qd3 Qg6 23. Re2 Bxe4 24. Bxe4 Rxe4 25. Rxe4 Qxe4 26. Qxe4 Rxe4 27. Kf1 Kf8 28. f3 Re6 29. b3 Ke7 30. a4 c5 31. a5 b5 32. f4 g6 33. c4 bxc4 34. bxc4 Re4 35. Rc1 Kf6 36. Kf2 h5 37. Kf3 Kf5 38. h3 Rd4 39. Rc3 g5 40. fxg5 Kxg5 41. h4+ Kf5 42. Ke3 Kg4 43. Ke2 f5 44. Re3 f4 45. gxf4 Rxf4 46. Re6 Rd4 47. Ke3 Rxc4 48. Rxd6 Kxh4 49. Rxa6 Kg5 50. Kd3 Rd4+ 51. Kc3 h4 52. Ra8 h3 53. Rg8+ Kf4 54. Rf8+ Kg3 55. a6 h2 56. a7 h1Q 57. Rg8+ Rg4 58. a8Q Qxa8 59. Rxa8 Kh4 60. Rh8+ Kg3 61. Rd8 Kf3 62. Rd5 c4 63. Rd4 1/2-1/2

[Event "Caioba Telecom op"]
[White "Santos, Milena Kasenoh Dos"]
[Black "Salata, Arthur"]
[Site "Caioba"]
[Round "4"]
[Result "0-1"]
[Date "2016.08.27"]
[WhiteElo "1273"]
[BlackElo "1789"]
[PlyCount "106"]
[EventDate "2016.08.26"]
[EventType "swiss"]
[EventRounds "6"]
[EventCountry "BRA"]
[SourceTitle "CBM 174 Extra"]
[Source "ChessBase"]
[SourceDate "2016.10.10"]
[SourceVersion "1"]
[SourceVersionDate "2016.10.10"]
[SourceQuality "1"]

1. e4 e5 2. Nf3 Nc6 3. Bb5 Bc5 4. Nc3 Nf6 5. d3 d6 6. Bg5 a6 7. Ba4 0-0 8. Nd5 Ne7 9. Bxf6 gxf6 10. Nxf6+ Kg7 11. Nh5+ Kh8 12. h3 Nc6 13. Bxc6 bxc6 14. Qd2 Rg8 15. g4 Rb8 16. Rb1 Bb4 17. c3 Ba3 18. d4 exd4 19. Qxd4+ f6 20. Nxf6 Bc5 21. Qd3 Qxf6 22. Nd4 Ba3 23. b3 Rf8 24. f3 a5 25. Ke2 Bc5 26. Rbf1 a4 27. b4 Ra8 28. Nxc6 Bb7 29. Na5 c6 30. Nxb7 Bb6 31. Qxd6 Qxc3 32. Qd2 Qa3 33. Nc5 Bxc5 34. bxc5 Rad8 35. Qc1 Qxa2+ 36. Ke1 Rd7 37. Qc3+ Kg8 38. Qc1 Rfd8 39. Qg5+ Kf8 40. Qf6+ Ke8 41. Qh8+ Kf7 42. Qxh7+ Kf6 43. Qf5+ Ke7 44. Qe5+ Qe6 45. Qxe6+ Kxe6 46. Ke2 Rd2+ 47. Ke1 Ra2 48. f4 Rdd2 49. Rf3 Rdb2 50. Rd3 Rb1+ 51. Rd1 Rab2 52. Rf1 a3 53. Rf2 Rxd1+ 0-1

[Event "Caioba Telecom op"]
[White "Yoshioka, Hugo"]
[Black "Santos, Milena Kasenoh Dos"]
[Site "Caioba"]
[Round "3"]
[Result "1-0"]
[Date "2016.08.27"]
[WhiteElo "1676"]
[BlackElo "1273"]
[PlyCount "70"]
[EventDate "2016.08.26"]
[EventType "swiss"]
[EventRounds "6"]
[EventCountry "BRA"]
[SourceTitle "CBM 174 Extra"]
[Source "ChessBase"]
[SourceDate "2016.10.10"]
[SourceVersion "1"]
[SourceVersionDate "2016.10.10"]
[SourceQuality "1"]

1. d4 e6 2. c4 d5 3. Nc3 Nf6 4. cxd5 Nxd5 5. Nxd5 exd5 6. a3 Nc6 7. Bf4 Bd6 8. Bxd6 Qxd6 9. e3 a6 10. Bd3 h6 11. h3 Ne7 12. Rc1 c6 13. Nf3 Bf5 14. 0-0 Bxd3 15. Qxd3 Ng6 16. b4 0-0 17. Rb1 b5 18. Rfc1 Rac8 19. Rc5 Rc7 20. Rbc1 Rfc8 21. Qf5 Qe6 22. Qd3 Nf8 23. Ne5 Nd7 24. Nxd7 Rxd7 25. R1c3 Rdc7 26. Qc2 f5 27. a4 g5 28. axb5 axb5 29. Rxb5 cxb5 30. Rxc7 Rxc7 31. Qxc7 Qe8 32. Kf1 Kf8 33. Qc5+ Qe7 34. Qxb5 Qc7 35. Qc5+ Qxc5 1-0

[Event "Caioba Telecom op"]
[White "Santos, Milena Kasenoh Dos"]
[Black "Deste, Dayan Kuhn"]
[Site "Caioba"]
[Round "1"]
[Result "0-1"]
[Date "2016.08.26"]
[WhiteElo "1273"]
[BlackElo "1976"]
[PlyCount "76"]
[EventDate "2016.08.26"]
[EventType "swiss"]
[EventRounds "6"]
[EventCountry "BRA"]
[SourceTitle "CBM 174 Extra"]
[Source "ChessBase"]
[SourceDate "2016.10.10"]
[SourceVersion "1"]
[SourceVersionDate "2016.10.10"]
[SourceQuality "1"]

1. e4 c5 2. Nf3 d6 3. d4 cxd4 4. Nxd4 Nf6 5. Nc3 a6 6. Bg5 e6 7. Bd3 Be7 8. Bf4 e5 9. Bxe5 dxe5 10. Nf3 Nc6 11. h3 h6 12. a3 Be6 13. Qd2 Qc7 14. Rd1 Rd8 15. Qc1 Nd4 16. Nxd4 Rxd4 17. Ne2 Rd7 18. f3 Bc4 19. 0-0 Bxd3 20. Rxd3 Rxd3 21. cxd3 Qxc1 22. Rxc1 Kd7 23. Kf2 Rc8 24. Rc3 Rxc3 25. Nxc3 Bc5+ 26. Ke2 Bd4 27. g4 Bxc3 28. bxc3 g5 29. d4 exd4 30. cxd4 Kc6 31. Kd3 Kb5 32. Kc3 Nd7 33. a4+ Kxa4 34. Kc4 b5+ 35. Kd5 b4 36. Kc6 Ne5+ 37. Kc7 b3 38. d5 b2 0-1

[Event "Caioba Telecom op"]
[White "Souza, Kim Garcia De"]
[Black "Santos, Milena Kasenoh Dos"]
[Site "Caioba"]
[Round "2"]
[Result "1-0"]
[Date "2016.08.26"]
[WhiteElo "1739"]
[BlackElo "1273"]
[PlyCount "69"]
[EventDate "2016.08.26"]
[EventType "swiss"]
[EventRounds "6"]
[EventCountry "BRA"]
[SourceTitle "CBM 174 Extra"]
[Source "ChessBase"]
[SourceDate "2016.10.10"]
[SourceVersion "1"]
[SourceVersionDate "2016.10.10"]
[SourceQuality "1"]

1. b4 e6 2. Bb2 d5 3. Nf3 Nf6 4. a3 Nbd7 5. e3 b6 6. c4 Bb7 7. Be2 c5 8. b5 Bd6 9. d3 a6 10. Nc3 0-0 11. 0-0 Qc7 12. h3 Rfe8 13. Qb3 a5 14. d4 dxc4 15. Qxc4 Bd5 16. Nxd5 exd5 17. Qc2 c4 18. Rac1 Rac8 19. Nd2 c3 20. Qb3 Qb7 21. Rxc3 Rxc3 22. Qxc3 Rc8 23. Qb3 Ne4 24. Nxe4 dxe4 25. Bc4 Nf6 26. Rc1 Rc7 27. a4 Rd7 28. Be2 Rc7 29. Bc4 Rd7 30. Qd1 Kf8 31. Qc2 Rc7 32. d5 Nxd5 33. Qxe4 Nb4 34. Qxh7 f6 35. Qg8+ 1-0

[Event "BRA-ch U16 Girls"]
[White "Santos, Milena Kasenoh Dos"]
[Black "Engel, Franciele Carolina"]
[Site "Itajai"]
[Round "6"]
[Result "1/2-1/2"]
[Date "2016.06.12"]
[WhiteElo "1253"]
[BlackElo "1295"]
[PlyCount "74"]
[EventDate "2016.06.09"]
[EventType "swiss"]
[EventRounds "6"]
[EventCountry "BRA"]
[SourceTitle "CBM 172 Extra"]
[Source "ChessBase"]
[SourceDate "2016.06.21"]
[SourceVersion "1"]
[SourceVersionDate "2016.06.21"]
[SourceQuality "1"]

1. e4 d6 2. d4 Nf6 3. Nc3 g6 4. Nf3 Bg7 5. Be2 c5 6. d5 0-0 7. Bf4 Nbd7 8. Qd2 b6 9. 0-0 Bb7 10. Rfe1 Re8 11. Bc4 Nf8 12. Rad1 e6 13. dxe6 Nxe6 14. Qxd6 Qxd6 15. Bxd6 Rad8 16. Bb5 Nd7 17. Nd5 a6 18. Bxd7 Rxd7 19. Nxb6 Rdd8 20. c3 Nf8 21. Bxf8 Rxd1 22. Rxd1 Bxf8 23. Re1 Bxe4 24. Ng5 f5 25. Nxe4 fxe4 26. Nc4 Bh6 27. Nd6 Rb8 28. b3 Bd2 29. Rxe4 Bxc3 30. Re8+ Rxe8 31. Nxe8 Be5 32. f4 Bxf4 33. Nf6+ Kg7 34. Ne4 Be3+ 35. Kf1 Kf7 36. Ke2 Bd4 37. Kf3 h6 1/2-1/2

[Event "BRA-ch U16 Girls"]
[White "Santana Freitas, Maria Eduarda"]
[Black "Santos, Milena Kasenoh Dos"]
[Site "Itajai"]
[Round "3"]
[Result "1-0"]
[Date "2016.06.10"]
[WhiteElo "1600"]
[BlackElo "1253"]
[PlyCount "59"]
[EventDate "2016.06.09"]
[EventType "swiss"]
[EventRounds "6"]
[EventCountry "BRA"]
[SourceTitle "CBM 172 Extra"]
[Source "ChessBase"]
[SourceDate "2016.06.21"]
[SourceVersion "1"]
[SourceVersionDate "2016.06.21"]
[SourceQuality "1"]

1. e4 e6 2. d4 d5 3. Nc3 Bb4 4. e5 c5 5. Bd2 Nc6 6. Qg4 g6 7. Nb5 cxd4 8. Bxb4 Nxb4 9. Nd6+ Kf8 10. 0-0-0 Nc6 11. Qf3 Nxe5 12. Qa3 Qe7 13. Rxd4 Nf6 14. Bd3 Kg7 15. Nf5+ exf5 16. Qxe7 Re8 17. Qc5 Nxd3+ 18. Rxd3 Ne4 19. Qd4+ Kg8 20. f3 Nd6 21. Qxd5 Rd8 22. Qc5 Be6 23. Rxd6 Rac8 24. Rxd8+ Rxd8 25. Ne2 b6 26. Qc3 Rc8 27. Qd4 Bxa2 28. Nc3 Be6 29. Re1 Rc4 30. Qd6 1-0

[Event "Curitiba op"]
[White "Da Costa, Carlos Henrique Luz"]
[Black "Santos, Milena Kasenoh Dos"]
[Site "Curitiba"]
[Round "4.36"]
[Result "1-0"]
[Date "2016.04.22"]
[WhiteElo "1688"]
[BlackElo "1229"]
[PlyCount "101"]
[EventDate "2016.04.21"]
[EventType "swiss"]
[EventRounds "7"]
[EventCountry "BRA"]
[SourceTitle "EXT 2022"]
[Source "ChessBase"]
[SourceDate "2021.10.06"]
[SourceVersion "1"]
[SourceVersionDate "2021.10.06"]
[SourceQuality "1"]

1. d4 e6 2. Nf3 d5 3. Bf4 Nf6 4. Nbd2 c5 5. e3 Nc6 6. c3 Qb6 7. Qc2 Be7 8. Be2 Bd7 9. Ne5 Rc8 10. Ndf3 cxd4 11. Nxd7 Nxd7 12. exd4 Bf6 13. Qd2 h6 14. h4 Na5 15. Rb1 Qc6 16. Qd3 a6 17. Bd1 b5 18. Bg3 0-0 19. Bc2 g6 20. h5 Qc4 21. hxg6 Qxd3 22. Bxd3 Bg7 23. Bd6 Rfe8 24. gxf7+ Kxf7 25. Nh4 Rh8 26. 0-0 Nc4 27. Bf4 Bf6 28. Nf3 Rce8 29. Rfe1 e5 30. dxe5 Ndxe5 31. Nxe5+ Nxe5 32. Bf5 Nc6 33. Bd7 Rxe1+ 34. Rxe1 Ne7 35. Bg4 h5 36. Bh3 Ng6 37. Bc7 Re8 38. Rxe8 Kxe8 39. Bc8 b4 40. cxb4 Bxb2 41. Bxa6 d4 42. Bd3 Ne7 43. b5 Nd5 44. Ba5 Bc3 45. Bc4 Bxa5 46. Bxd5 Ke7 47. Kf1 Kd6 48. Bc4 Kc5 49. Bd3 Kb4 50. Ke2 Kc3 51. f4 1-0